| 000 | 00812nam a2200229Ia 4500 | ||
|---|---|---|---|
| 003 | OSt | ||
| 005 | 20220923230412.0 | ||
| 006 | a|||||r|||| 00| 0 | ||
| 007 | ta | ||
| 008 | 220922b |||||||| |||| 00| 0 pan d | ||
| 024 | _a281,508 | ||
| 037 | _cTextual | ||
| 040 |
_aARTS _cARTS _bpan |
||
| 041 |
_2pan _apan |
||
| 082 | _aO153,6M95:g, L7;M7 | ||
| 100 |
_aਗਿਆਨੀ, ਗੁਰਚਰਨ ਸਿੰਘ, ਥਦ. _9156325 |
||
| 245 | 0 | _aਗੁਰਬ॥F ਸਿੰਘ ਦੇ ਮਹਾਨ ਵਿਚਾਰ | |
| 260 |
_aਅੰਮ੍ਰਿਤਸਰ _b ਨਿਉ ਏਜ ਬੁੱਕ ਸੈ੍ਵਟਰ _c1977 |
||
| 650 | _aਪੰਜਾਬੀ ਨਿਬੰਧ | ||
| 942 |
_hO153,6M95:g, L7;M7 _cTEXL _2CC |
||
| 999 |
_c384600 _d384600 |
||